Reseña de la novena reunión del Congreso Internacional de Estadística / (Record no. 155821)

MARC details
000 -LEADER
campo de control de longitud fija 00843nam a22001935i 4500
001 - NÚMERO DE CONTROL
campo de control 155821
003 - IDENTIFICADOR DE NÚMERO DE CONTROL
campo de control ES-MaACL
005 - FECHA Y HORA DE LA ÚLTIMA TRANSACCIÓN
campo de control 20250407063118.0
008 - DATOS DE LONGITUD FIJA--INFORMACIÓN GENERAL
campo de control de longitud fija 981006s1877 sp |||| | spa d
040 ## - FUENTE DE CATALOGACIÓN
Centro catalogador/agencia de origen CCPB | B
Lengua de catalogación spa
Centro/agencia transcriptor CCPB | B
100 1# - ENTRADA PRINCIPAL--NOMBRE DE PERSONA
Nombre de persona Ibáñez de Ibero, Carlos,
Fechas asociadas al nombre 1825-1891
9 (RLIN) 151491
245 10 - MENCIÓN DEL TÍTULO
Título Reseña de la novena reunión del Congreso Internacional de Estadística /
Mención de responsabilidad, etc. por Cárlos Ibañez.
260 ## - PUBLICACIÓN, DISTRIBUCIÓN, ETC.
Lugar de publicación, distribución, etc. Madrid :
Nombre del editor, distribuidor, etc. [s.n.],
Fecha de publicación, distribución, etc. 1877 (
Fabricante Imprenta Central á cargo de Víctor Saiz)
300 ## - DESCRIPCIÓN FÍSICA
Extensión 69 p. ;
Dimensiones 23 cm.
650 #4 - PUNTO DE ACCESO ADICIONAL DE MATERIA--TÉRMINO DE MATERIA
Término de materia o nombre geográfico como elemento de entrada Estadística.
9 (RLIN) 12520
711 2# - ENTRADA AGREGADA--NOMBRE DE REUNIÓN
Nombre de congreso/reunión o jurisdicción como elemento de entrada Congreso Internacional de Estadística (
Número del congreso/reunión o número de parte o sección 9º).
Fecha del congreso o de la firma del tratado 1877).
Sede del congreso/Lugar de la reunión Budapest)
9 (RLIN) 135085
852 ## - LOCALIZACIÓN
Ubicación ES-MaACL
Número de control de estantería T-923-F-4
Nota libre -- Enc. hol., conservando la cub. original
-- -- An. ms.: "donativo de Vicente Cabello"
-- -- Enc. en un vol. facticio
Holdings
Estatus retirado Estado de pérdida Estado de daño No para préstamo Colección Biblioteca de origen Biblioteca actual Ubicación en estantería Fecha de adquisición Total de préstamos Signatura topográfica completa Código de barras Visto por última vez Precio de reemplazo Tipo de ítem Koha
        Colección de folletos Biblioteca del Ateneo de Madrid Biblioteca del Ateneo de Madrid Depósito folletos 17/01/2008   T-923-F-4 1163001 23/02/2023 23/02/2023 Folleto